[Event "Little Big Tourney I (2000/2300, 30+3)"]
[Site "SchemingMind.com"]
[Date "2011.03.07"]
[Round "-"]
[White "BlackRussian"]
[Black "Uzi Mike"]
[Result "1/2-1/2"]
[WhiteCountry "GBR"]
[BlackCountry "USA"]
[WhiteElo "2180"]
[WhiteRD "62"]
[BlackElo "2298"]
[BlackRD "71"]
[GameID "277722"]

1. e4 c5 2. Nf3 d6 3. d4 cxd4 4. Nxd4 Nf6 5. Nc3 g6 6. Bb5+ Nbd7 7. Bg5 Bg7 8. O-O a6 9. Be2 Qc7 10. Qd2 h6
11. Be3 Nb6 12. Rfd1 Bd7 13. f3 Rc8 14. a4 Nc4 15. Bxc4 Qxc4 16. Ra3 h5 17. Rb3 Rb8 18. Qe2 Qxe2 19. Ndxe2 Bc6 20. a5 h4
21. Kf2 Rh5 22. Ra3 Rc8 23. Nf4 Rh7 24. Nfe2 h3 25. g4 Nd7 26. Nd4 Ne5 27. Rb3 Nc4 28. Rb4 Bd7 29. Rxb7 Nxe3 30. Kxe3 f5
31. gxf5 gxf5 32. exf5 Bxd4+ 33. Rxd4 Bxf5 34. Rb6 Rg7 35. Rxa6 Rg2 36. Rd2 Kd8 37. Rxg2 hxg2 38. Kf2 d5 39. Kg1 Rc5 40. Ra8+ Kc7
41. a6 Bc8 42. Ra7+ Kd8 43. h4 d4 44. Ne2 e5 45. h5 Rc6 46. f4 Bxa6 47. Rxa6 Rxa6 48. fxe5 Ke8 49. Nxd4 Ra5 50. e6 Rxh5
51. Kxg2 Rh4 52. c3 Rh8 53. Kf3 Rh2 54. b4 Rh3+ 55. Ke4 Rxc3 56. Kd5 Rc1 57. Nc6 Rd1+ 58. Kc5 Rc1+ 59. Kd6 Rd1+ 60. Kc5 Rc1+
61. Kd5 Rd1+ 62. Kc5
1/2-1/2

[Event "Little Big Tourney I (2000/2300, 30+3)"]
[Site "SchemingMind.com"]
[Date "2011.03.06"]
[Round "-"]
[White "Tuisceanach44"]
[Black "Uzi Mike"]
[Result "0-1"]
[WhiteCountry "IRL"]
[BlackCountry "USA"]
[WhiteElo "1990"]
[WhiteRD "73"]
[BlackElo "2308"]
[BlackRD "71"]
[GameID "277723"]

1. d4 Nf6 2. c4 g6 3. Nc3 Bg7 4. e4 d6 5. Nf3 O-O 6. Be2 c5 7. d5 e6 8. Bg5 exd5 9. Nxd5 Re8 10. Qc2 Nbd7
11. O-O= h6 12. Nxf6+ Nxf6 13. Bxf6 Qxf6 14. Rab1 Bd7 15. b3 Re7 16. Nd2 Rae8 17. Rfe1 Qc3 18. Bd3 f5 19. Qxc3 Bxc3 20. Re2 g5
21. Kf1 g4 22. Rc1 Bf6 23. g3 Bg5 24. Rce1 f4 25. Nb1 h5 26. Nc3 f3 27. Rc2 Re6 28. Nd5 Rh6 29. Ne3 h4 30. Nf5 Bxf5
31. exf5 Rxe1+ 32. Kxe1 Kg7 33. Kf1 hxg3 34. fxg3 Rh3 35. Be4 b6 36. Kg1 Kf6 37. Rb2 Ke5 38. Bb1 Bc1 39. Rc2 Be3+ 40. Kh1 f2
0-1

[Event "Little Big Tourney I (2000/2300, 30+3)"]
[Site "SchemingMind.com"]
[Date "2011.03.16"]
[Round "-"]
[White "Granny Gambit"]
[Black "Tschigorin"]
[Result "1-0"]
[WhiteCountry "ENG"]
[BlackCountry "GER"]
[WhiteElo "2417"]
[WhiteRD "71"]
[BlackElo "2074"]
[BlackRD "91"]
[GameID "278191"]

1. d4 f5 2. g3 Nf6 3. Bg2 g6 4. Nf3 Bg7 5. O-O O-O 6. b3 Ne4 7. Bb2 d5 8. Nbd2 Be6 9. c4 c6 10. Rc1 Nd7
11. e3 Kh8 12. Qe2 Bg8 13. cxd5 Bxd5 14. Nxe4 Bxe4 15. Ng5 Bxg2 16. Kxg2 Qa5 17. Bc3 Qd5+ 18. f3 h6 19. Nh3 Rfe8 20. e4 Qf7
21. d5 cxd5 22. Bxg7+ Kxg7 23. Rc7 e5 24. exf5 gxf5 25. Rxb7 Re7 26. Rc1 Nb6 27. Rcc7
1-0

[Event "Little Big Tourney I (2000/2300, 30+3)"]
[Site "SchemingMind.com"]
[Date "2011.03.11"]
[Round "-"]
[White "Granny Gambit"]
[Black "Uzi Mike"]
[Result "1-0"]
[WhiteCountry "ENG"]
[BlackCountry "USA"]
[WhiteElo "2417"]
[WhiteRD "71"]
[BlackElo "2236"]
[BlackRD "74"]
[GameID "278192"]

1. d4 Nf6 2. c4 g6 3. Nc3 d5 4. cxd5 Nxd5 5. e4 Nxc3 6. bxc3 Bg7 7. Nf3 c5 8. Rb1 O-O 9. Be2 Nc6 10. d5 Ne5
11. Nxe5 Bxe5 12. Qd2 e6 13. f4 Bc7 14. O-O exd5 15. exd5 Ba5 16. d6 Bb6 17. c4 Bf5 18. Rb3 Re8 19. g4 Ba5 20. Qd1 Be4
21. f5 Rb8 22. fxg6 Bxg6 23. Bf3 Qd7 24. Bd5 b5 25. h4 Re5 26. Bf4 Rxd5 27. Qxd5 Bd8 28. h5 Bc2 29. Rc3 Ba4 30. Bh6 Bh4
31. Rcf3 Bf6 32. Rxf6 Qxg4+ 33. Qg2 Qxg2+ 34. Kxg2
1-0

[Event "Little Big Tourney I (2000/2300, 30+3)"]
[Site "SchemingMind.com"]
[Date "2011.03.11"]
[Round "-"]
[White "Granny Gambit"]
[Black "Bandit2"]
[Result "1/2-1/2"]
[WhiteCountry "ENG"]
[BlackCountry "POL"]
[WhiteElo "2450"]
[WhiteRD "74"]
[BlackElo "2335"]
[BlackRD "97"]
[GameID "278193"]

1. d4 g6 2. c4 Bg7 3. Nc3 c5 4. d5 Bxc3+ 5. bxc3 f5 6. Nf3 d6 7. Qa4+ Bd7 8. Qb3 Qa5 9. Nd2 b6 10. e4 Nf6
11. exf5 Bxf5 12. Be2 Nbd7 13. O-O O-O 14. Re1 Ne5 15. Nf3 Nf7 16. Ng5 Nxg5= 17. Bxg5 Kg7 18. Bf3 Rae8 19. Re3 h6 20. Bf4 Rf7
21. Rae1 Bd7 22. Bd1 b5 23. Rg3 e5 24. dxe6 Bxe6 25. Bc2 g5 26. Qb1 Bxc4 27. h4 Ne4 28. hxg5 h5 29. Qc1 Nxg3 30. Rxe8 Ne2+
31. Rxe2 Bxe2 32. g6 Rxf4 33. Qxf4 Qc7 34. Qe4 Bc4 35. Qh4 Bg8 36. a3 d5 37. Qxh5 Qf4 38. Qe2 Qc1+ 39. Kh2 Qh6+ 40. Kg3 Qg5+
41. Kh3 d4=
1/2-1/2

[Event "Little Big Tourney I (2000/2300, 30+3)"]
[Site "SchemingMind.com"]
[Date "2011.03.11"]
[Round "-"]
[White "Granny Gambit"]
[Black "petros"]
[Result "1/2-1/2"]
[WhiteCountry "ENG"]
[BlackCountry "GBR"]
[WhiteElo "2395"]
[WhiteRD "69"]
[BlackElo "2320"]
[BlackRD "76"]
[GameID "278194"]

1. d4 Nf6 2. c4 e6 3. Nc3 d5 4. cxd5 exd5 5. Bg5 Be7 6. e3 O-O 7. Bd3 Nbd7 8. Nge2 Re8 9. O-O c6 10. Qc2 h6
11. Bh4 Nf8 12. f3 Ne6 13. Rad1 a6 14. Kh1 Nh5 15. Bf2 Bd6 16. a3 Bd7 17. Bh7+ Kh8 18. Bf5 Ng5 19. Bxd7 Qxd7 20. e4 f6
21. exd5 cxd5 22. Qg6 Nf4 23. Nxf4 Bxf4 24. h4 Nf7 25. Qg4 Qxg4 26. fxg4 Rad8 27. Kg1 Kg8 28. g3 Bb8 29. Rfe1 Rxe1+ 30. Rxe1 Kf8
31. Kg2 Ba7 32. Kf3 Rd7=
1/2-1/2

[Event "Little Big Tourney I (2000/2300, 30+3)"]
[Site "SchemingMind.com"]
[Date "2011.03.11"]
[Round "-"]
[White "Granny Gambit"]
[Black "BlackRussian"]
[Result "1-0"]
[WhiteCountry "ENG"]
[BlackCountry "GBR"]
[WhiteElo "2343"]
[WhiteRD "69"]
[BlackElo "2128"]
[BlackRD "71"]
[GameID "278195"]

1. d4 Nf6 2. c4 e6 3. Nc3 Bb4 4. Qc2 O-O 5. a3 Bxc3+ 6. Qxc3 Nc6 7. Nf3 d5 8. Bg5 h6 9. Bh4 dxc4 10. Qxc4 Qd5
11. e3 Ne4 12. Bd3 Qxc4 13. Bxc4 g5 14. Bd3 f5 15. Bg3 Nxg3 16. hxg3 Kg7 17. Rc1 Bd7 18. g4 Rac8 19. Rc5 Rf6 20. Ke2 Ne7
21. Ne5 Be8 22. b4 c6 23. g3 Rd8 24. f4 a6 25. fxg5 hxg5 26. Nf3 b6 27. Rcc1 c5 28. bxc5 bxc5 29. Rxc5 Bc6 30. Rh5 Bxf3+
31. Kxf3 fxg4+ 32. Kxg4 Nd5 33. Rh7+ Kg8 34. Kxg5 Rf3 35. g4 Rxe3 36. Rc1 Rxd3 37. Rch1 Rf8 38. Rh8+ Kf7 39. Rf1+ Ke7 40. Rhxf8 Rxd4
41. Kh5 e5 42. R1f7+ Ke6 43. g5 Rd3 44. g6
1-0

[Event "Little Big Tourney I (2000/2300, 30+3)"]
[Site "SchemingMind.com"]
[Date "2011.03.16"]
[Round "-"]
[White "Granny Gambit"]
[Black "Tuisceanach44"]
[Result "1-0"]
[WhiteCountry "ENG"]
[BlackCountry "IRL"]
[WhiteElo "2417"]
[WhiteRD "71"]
[BlackElo "1951"]
[BlackRD "62"]
[GameID "278196"]

1. d4 e6 2. c4 f5 3. g3 Nf6 4. Bg2 c6 5. Nf3 d5 6. O-O Bd6 7. Nc3 O-O 8. Qc2 Bd7 9. Rb1 Be8 10. b4 Nbd7
11. c5 Bc7 12. Ng5 Qe7 13. b5 Rb8 14. Qa4 Nxc5 15. dxc5 h6 16. Nf3 Qxc5 17. Ba3 Qxc3 18. Qxa7 Qa5 19. b6 Qxa7 20. bxa7 Ra8
21. Bxf8 Kxf8 22. Rxb7 Bd6 23. Nd4 Bd7 24. Rfb1 Kf7 25. Nxc6 Kg6 26. Rc1 Bxc6 27. Rxc6 Be5 28. Rxe6
1-0

[Event "Little Big Tourney I (2000/2300, 30+3)"]
[Site "SchemingMind.com"]
[Date "2011.03.12"]
[Round "-"]
[White "Uzi Mike"]
[Black "Granny Gambit"]
[Result "0-1"]
[WhiteCountry "USA"]
[BlackCountry "ENG"]
[WhiteElo "2243"]
[WhiteRD "73"]
[BlackElo "2441"]
[BlackRD "73"]
[GameID "278198"]

1. e4 d6 2. d4 Nf6 3. f3 g6 4. Bd3 Bg7 5. Ne2 c6 6. O-O Nbd7 7. c3 O-O 8. a4 e5 9. Bg5 Qc7 10. a5 Re8
11. b4 Nf8 12. Qd2 Ne6 13. Bh4 d5 14. dxe5 Qxe5 15. f4 Qh5 16. Bxf6 Bxf6 17. f5 gxf5 18. exd5 cxd5 19. Bxf5 Be5 20. Ng3 Qh4
21. a6 d4 22. Qe2 Nf4 23. Qf3 bxa6 24. Ra5 Bc7 25. Qxa8 Bd7 26. Qf3 Bxf5 27. Ra2 Bd3 28. Rd1 Re3 29. Qa8+ Kg7 30. Qxa7 Rxg3
31. hxg3 Qxg3 32. Qxc7 Nh3+ 33. Kh1 Qxc7 34. Rxd3 Qc4 35. Rg3+ Kf8 36. Ra3 Qf1+ 37. Kh2 Nf2 38. Rf3 Qh1+ 39. Kg3 Ne4+ 40. Kf4 Qh4+
41. g4 Ng5 42. Nd2 Nxf3 43. Nxf3 Qf6+ 44. Ke4 dxc3 45. Nd4 Qg6+ 46. Ke3 Qh6+ 47. Ke4 Qd2 48. b5 c2 49. Nxc2 Qxc2+
0-1

[Event "Little Big Tourney I (2000/2300, 30+3)"]
[Site "SchemingMind.com"]
[Date "2011.03.12"]
[Round "-"]
[White "Bandit2"]
[Black "Granny Gambit"]
[Result "0-1"]
[WhiteCountry "POL"]
[BlackCountry "ENG"]
[WhiteElo "2328"]
[WhiteRD "94"]
[BlackElo "2441"]
[BlackRD "73"]
[GameID "278199"]

1. f4 d5 2. Nf3 Nf6 3. g3 g6 4. Bg2 Bg7 5. O-O O-O 6. d3 c5 7. Nc3 d4 8. Ne4 Nxe4 9. dxe4 Nc6 10. a3 Rb8
11. Kh1 Bg4 12. h3 Bd7 13. g4 Qc7 14. Qe1 Rbd8 15. Qh4 f6 16. e3 e5 17. fxe5= Nxe5 18. exd4 cxd4 19. Nxd4 Bxg4 20. hxg4 Rxd4
21. Be3 Rd7 22. c3 Nc4 23. Bf4 Qb6 24. Qf2 Qe6 25. Qe2 g5 26. b3 Nb6 27. Be3 Qxb3 28. Bd4 Qe6 29. Rad1 Rfd8 30. Bf3 Nc4
31. a4 b6 32. Qa2 Kh8 33. Rf2 Re8 34. Kh2 Rc7
0-1

[Event "Little Big Tourney I (2000/2300, 30+3)"]
[Site "SchemingMind.com"]
[Date "2011.03.11"]
[Round "-"]
[White "petros"]
[Black "Granny Gambit"]
[Result "1/2-1/2"]
[WhiteCountry "GBR"]
[BlackCountry "ENG"]
[WhiteElo "2320"]
[WhiteRD "76"]
[BlackElo "2395"]
[BlackRD "69"]
[GameID "278200"]

1. e4 d6 2. d4 Nf6 3. Nc3 g6 4. f4 Bg7 5. Nf3 c5 6. Bb5+ Bd7 7. e5 Ng4 8. Bxd7+ Qxd7 9. h3 cxd4 10. Qxd4 Nc6
11. Qe4 Nh6 12. Be3 Nf5 13. Bf2 dxe5 14. fxe5 Nxe5 15. Nxe5 Qe6 16. Qa4+ Kf8 17. O-O-O Bxe5 18. Rhe1 Qf6 19. Ne4 Qc6 20. Qxc6 bxc6
21. Rd7 h5 22. Rxa7 Rxa7 23. Bxa7 Kg7 24. Bf2 Ra8 25. Nc5 Bd6 26. Kb1 e5 27. b3 Bxc5 28. Bxc5 Kf6 29. Kb2 Ke6 30. a4 Kd5
31. Bb6=
1/2-1/2

[Event "Little Big Tourney I (2000/2300, 30+3)"]
[Site "SchemingMind.com"]
[Date "2011.03.11"]
[Round "-"]
[White "BlackRussian"]
[Black "Granny Gambit"]
[Result "0-1"]
[WhiteCountry "GBR"]
[BlackCountry "ENG"]
[WhiteElo "2128"]
[WhiteRD "71"]
[BlackElo "2343"]
[BlackRD "69"]
[GameID "278201"]

1. e4 d6 2. d4 Nf6 3. Nc3 g6 4. f4 Bg7 5. Nf3 c5 6. dxc5 Qa5 7. Qe2 Qxc5 8. Be3 Qa5 9. O-O-O Nc6 10. e5 dxe5
11. Nxe5 O-O 12. Qb5 Qxb5 13. Nxb5 Nxe5 14. fxe5 Ng4 15. Bxa7 Be6 16. a3 Rxa7 17. Nxa7 Nf2 18. Be2 Nxh1 19. Rxh1 Bd5 20. Bf3 Bxf3
21. gxf3 Bxe5 22. Re1 Bf4+ 23. Kb1 Bxh2 24. Rxe7 h5 25. Re1 h4 26. Rh1 Bg3 27. Nb5 Re8 28. Ka2 Re1
0-1

[Event "Little Big Tourney I (2000/2300, 30+3)"]
[Site "SchemingMind.com"]
[Date "2011.03.16"]
[Round "-"]
[White "Tuisceanach44"]
[Black "Granny Gambit"]
[Result "0-1"]
[WhiteCountry "IRL"]
[BlackCountry "ENG"]
[WhiteElo "1951"]
[WhiteRD "62"]
[BlackElo "2417"]
[BlackRD "71"]
[GameID "278202"]

1. d4 Nf6 2. Bg5 e6 3. e4 h6 4. Bxf6 Qxf6 5. Nf3 d6 6. Nc3 Nd7 7. Qd2 a6 8. O-O-O Qd8 9. h4 b5 10. e5 Bb7
11. Rh3 dxe5 12. dxe5= b4 13. Na4 Bc6 14. b3 Bxf3 15. Rxf3 Nxe5 16. Qf4 Bd6 17. Qg4 Nxg4
0-1

[Event "Little Big Tourney I (2000/2300, 30+3)"]
[Site "SchemingMind.com"]
[Date "2011.03.20"]
[Round "-"]
[White "MichaelDV"]
[Black "Tschigorin"]
[Result "0-1"]
[WhiteCountry "SWE"]
[BlackCountry "GER"]
[WhiteElo "2073"]
[WhiteRD "74"]
[BlackElo "2105"]
[BlackRD "84"]
[GameID "278572"]

1. d4 Nf6 2. Nf3 e6 3. c4 c5 4. d5 exd5 5. cxd5 d6 6. e4 g6 7. Nc3 a6 8. h3 b5 9. Bd3 Bg7 10. O-O O-O
11. a3 Re8 12. Re1 Nbd7 13. Bf4 Qb6 14. Qd2 c4 15. Bc2 Bb7 16. Rad1 Nc5 17. e5 dxe5
0-1

[Event "Little Big Tourney I (2000/2300, 30+3)"]
[Site "SchemingMind.com"]
[Date "2011.03.17"]
[Round "-"]
[White "MichaelDV"]
[Black "Uzi Mike"]
[Result "0-1"]
[WhiteCountry "SWE"]
[BlackCountry "USA"]
[WhiteElo "2170"]
[WhiteRD "76"]
[BlackElo "2236"]
[BlackRD "74"]
[GameID "278573"]

1. d4 d5 2. Nf3 Nf6 3. c4 e6 4. Nc3 c6 5. Qd3 b6 6. e4 Ba6 7. Qc2 dxc4 8. Be2 Be7 9. O-O O-O 10. Bf4 b5
11. Rfd1 Bb7 12. h3= Nbd7 13. Bh2 Qa5 14. Nd2 Qb6 15. Nf1 a5 16. Ne3 a4 17. Bf3 Rfd8
0-1

[Event "Little Big Tourney I (2000/2300, 30+3)"]
[Site "SchemingMind.com"]
[Date "2011.03.16"]
[Round "-"]
[White "MichaelDV"]
[Black "Bandit2"]
[Result "1/2-1/2"]
[WhiteCountry "SWE"]
[BlackCountry "POL"]
[WhiteElo "2170"]
[WhiteRD "76"]
[BlackElo "2322"]
[BlackRD "96"]
[GameID "278574"]

1. d4 g6 2. c4 Bg7 3. e4 d6 4. Nc3 e5 5. Nf3 Nc6 6. Bg5 f6 7. Be3 Nh6 8. h3 Nf7 9. c5 dxc5 10. dxe5 Nfxe5
11. Nxe5 fxe5 12. Bxc5 Nd4 13. Nb5 Be6 14. Nxd4 exd4 15. Qa4+ Qd7 16. Bb5 c6 17. Bd3 Kf7 18. O-O b6 19. Ba3=
1/2-1/2

[Event "Little Big Tourney I (2000/2300, 30+3)"]
[Site "SchemingMind.com"]
[Date "2011.03.15"]
[Round "-"]
[White "MichaelDV"]
[Black "petros"]
[Result "0-1"]
[WhiteCountry "SWE"]
[BlackCountry "GBR"]
[WhiteElo "2073"]
[WhiteRD "74"]
[BlackElo "2349"]
[BlackRD "82"]
[GameID "278575"]

1. c4 e5 2. Nc3 Nc6 3. Nf3 f5 4. d4 e4 5. Ng5 Bb4 6. Nh3 Nf6 7. e3 Bxc3+ 8. bxc3 d6 9. Nf4 O-O 10. h4 Qe7
11. Be2 b6 12. c5 Na5 13. cxd6 cxd6 14. Ba3 Be6 15. Bb4 Bf7 16. Qa4 Qc7 17. Bxa5 bxa5 18. O-O Qxc3
0-1

[Event "Little Big Tourney I (2000/2300, 30+3)"]
[Site "SchemingMind.com"]
[Date "2011.03.15"]
[Round "-"]
[White "MichaelDV"]
[Black "BlackRussian"]
[Result "0-1"]
[WhiteCountry "SWE"]
[BlackCountry "GBR"]
[WhiteElo "2073"]
[WhiteRD "74"]
[BlackElo "2191"]
[BlackRD "57"]
[GameID "278576"]

1. Nf3 Nf6 2. c4 g6 3. Nc3 Bg7 4. e4 d6 5. d4 O-O 6. h3 c5 7. d5 e6 8. Bd3 Na6 9. O-O e5 10. a3 h6
11. Rb1 Nh5 12. Re1 Bd7 13. Be3 Qf6 14. Bf1 Nf4 15. b4 b6 16. Kh2 Nc7 17. bxc5 bxc5 18. Rb7 Rfc8 19. g3 Nh5 20. Bg2 Qd8
21. Qd2 Kh7 22. Qb2 Rcb8 23. Rb1 Na6 24. Nd2 Nf6 25. f3 Nh5 26. h4 Bc8 27. Rb5 Bd7 28. Rb7 Bc8 29. Rxb8 Rxb8
0-1

[Event "Little Big Tourney I (2000/2300, 30+3)"]
[Site "SchemingMind.com"]
[Date "2011.03.16"]
[Round "-"]
[White "MichaelDV"]
[Black "Granny Gambit"]
[Result "1/2-1/2"]
[WhiteCountry "SWE"]
[BlackCountry "ENG"]
[WhiteElo "2279"]
[WhiteRD "81"]
[BlackElo "2395"]
[BlackRD "69"]
[GameID "278577"]

1. c4 Nf6 2. Nc3 g6 3. e4 d6 4. d4 Bg7 5. Nf3 O-O 6. h3 e5 7. d5 Na6 8. Be3 Nc5 9. Qc2 a5 10. g4 b6
11. Be2 Bd7 12. O-O-O a4 13. Ne1 a3 14. b3 c6 15. g5 Ne8 16. Kb1 f5 17. h4 Nc7 18. dxc6 Bxc6 19. Bf3 N7e6 20. exf5 Bxf3
21. Nxf3 Rxf5 22. Ne1 Nd4 23. Qd2=
1/2-1/2

[Event "Little Big Tourney I (2000/2300, 30+3)"]
[Site "SchemingMind.com"]
[Date "2011.03.20"]
[Round "-"]
[White "MichaelDV"]
[Black "Tuisceanach44"]
[Result "0-1"]
[WhiteCountry "SWE"]
[BlackCountry "IRL"]
[WhiteElo "2073"]
[WhiteRD "74"]
[BlackElo "1970"]
[BlackRD "64"]
[GameID "278578"]

1. d4 e6 2. c4 f5 3. Nf3 Nf6 4. e3 c6 5. Bd3 d5 6. O-O Bd6 7. b3 Qe7 8. Bb2 O-O 9. Qc1 b6 10. Ba3 Nbd7
11. Bxd6 Qxd6 12. Qa3 Qxa3= 13. Nxa3 Bb7 14. cxd5 cxd5 15. Nb5 Ba6 16. Rfc1 Bxb5 17. Bxb5 a6 18. Bxd7 Nxd7
0-1

[Event "Little Big Tourney I (2000/2300, 30+3)"]
[Site "SchemingMind.com"]
[Date "2011.03.20"]
[Round "-"]
[White "Tschigorin"]
[Black "MichaelDV"]
[Result "1-0"]
[WhiteCountry "GER"]
[BlackCountry "SWE"]
[WhiteElo "2074"]
[WhiteRD "91"]
[BlackElo "2170"]
[BlackRD "76"]
[GameID "278579"]

1. e4 Nf6 2. Nc3 e5 3. Nf3 Nc6 4. a3 Be7 5. d4 d6 6. Be2 Bg4 7. d5 Bxf3 8. Bxf3 Nd4 9. O-O c5 10. dxc6 bxc6
11. Re1 Rb8 12. Rb1 O-O 13. Qd3 Nd7 14. Bd1 Bg5 15. Bxg5 Qxg5 16. Qe3
1-0

[Event "Little Big Tourney I (2000/2300, 30+3)"]
[Site "SchemingMind.com"]
[Date "2011.03.17"]
[Round "-"]
[White "Uzi Mike"]
[Black "MichaelDV"]
[Result "1-0"]
[WhiteCountry "USA"]
[BlackCountry "SWE"]
[WhiteElo "2243"]
[WhiteRD "73"]
[BlackElo "2073"]
[BlackRD "74"]
[GameID "278580"]

1. e4 e5 2. Nf3 Nc6 3. Bb5 Nf6 4. O-O Nxe4 5. d4 Nd6 6. Bxc6 dxc6 7. dxe5 Nf5 8. Qxd8+ Kxd8 9. Rd1+ Ke8 10. Nc3 Be7
11. Bg5 Bxg5 12. Nxg5 h6 13. Nge4 Ke7 14. h3 b6 15. Kh2 h5 16. Ng5 h4 17. Ne2
1-0

[Event "Little Big Tourney I (2000/2300, 30+3)"]
[Site "SchemingMind.com"]
[Date "2011.03.16"]
[Round "-"]
[White "Bandit2"]
[Black "MichaelDV"]
[Result "1/2-1/2"]
[WhiteCountry "POL"]
[BlackCountry "SWE"]
[WhiteElo "2290"]
[WhiteRD "100"]
[BlackElo "2279"]
[BlackRD "81"]
[GameID "278581"]

1. f4 d5 2. Nf3 g6 3. g3 Bg7 4. Bg2 Nh6 5. d3 d4 6. Na3 O-O 7. O-O c5 8. Nc4 Nc6 9. e4 b5 10. Nce5 Nxe5
11. Nxe5 Bxe5 12. fxe5 Ng4 13. Bf4 Be6 14. Bf3 Qd7 15. Qd2=
1/2-1/2

[Event "Little Big Tourney I (2000/2300, 30+3)"]
[Site "SchemingMind.com"]
[Date "2011.03.16"]
[Round "-"]
[White "petros"]
[Black "MichaelDV"]
[Result "1-0"]
[WhiteCountry "GBR"]
[BlackCountry "SWE"]
[WhiteElo "2343"]
[WhiteRD "79"]
[BlackElo "2170"]
[BlackRD "76"]
[GameID "278582"]

1. e4 e5 2. Nf3 Nc6 3. Bb5 Nf6 4. d3 d6 5. c3 g6 6. h3 Bg7 7. O-O O-O 8. Nbd2 a6 9. Ba4 b5 10. Bb3 Na5
11. Bc2 c5 12. Re1 Bb7 13. Nf1 Qc7 14. Ng3 Nc6 15. Be3 a5 16. a4 b4 17. Qd2
1-0

[Event "Little Big Tourney I (2000/2300, 30+3)"]
[Site "SchemingMind.com"]
[Date "2011.03.16"]
[Round "-"]
[White "BlackRussian"]
[Black "MichaelDV"]
[Result "1-0"]
[WhiteCountry "GBR"]
[BlackCountry "SWE"]
[WhiteElo "2208"]
[WhiteRD "62"]
[BlackElo "2170"]
[BlackRD "76"]
[GameID "278583"]

1. e4 d6 2. Nf3 Nf6 3. Nc3 g6 4. d4 Bg7 5. h3 O-O 6. Bd3 c6 7. O-O Nbd7 8. Be3 e5 9. Qe2 Qe7 10. Rad1 exd4
11. Bxd4 Ne5 12. Qe3 b6 13. Be2 Bb7 14. Rfe1 Rad8 15. Qg5 Rfe8 16. Be3 Nxf3+ 17. Bxf3 h6 18. Qf4 g5 19. Qg3 c5 20. Bd2 Qe5
21. Qxe5 Rxe5 22. Re3 Rde8 23. Rde1 Bc6 24. g3 b5 25. a3 a5 26. g4 Rb8 27. Nd5 Nxe4 28. Bxe4 Bxd5 29. Bxd5 Rxd5 30. Bxa5
1-0

[Event "Little Big Tourney I (2000/2300, 30+3)"]
[Site "SchemingMind.com"]
[Date "2011.03.16"]
[Round "-"]
[White "Granny Gambit"]
[Black "MichaelDV"]
[Result "1-0"]
[WhiteCountry "ENG"]
[BlackCountry "SWE"]
[WhiteElo "2417"]
[WhiteRD "71"]
[BlackElo "2170"]
[BlackRD "76"]
[GameID "278584"]

1. d4 Nf6 2. c4 e6 3. Nc3 Bb4 4. Qc2 O-O 5. a3 Bxc3+ 6. Qxc3 d5 7. Bg5 c5 8. dxc5 d4 9. Qg3 Nbd7 10. O-O-O Nxc5
11. Nf3 Nce4 12. Qf4 Nxg5 13. Nxg5 b5 14. Rxd4 Qb6 15. e3 bxc4 16. Qd6 Qa5 17. Nf3 c3 18. b3 Bb7 19. Qb4 Qc7 20. Qc4 Bc6
21. Qxc3 Qb7 22. Bc4 Rab8 23. Ne5 Bd5 24. f3 Bxc4 25. Nxc4 Nd5 26. Qd3 Qxb3 27. Qxb3 Rxb3 28. Kc2
1-0

[Event "Little Big Tourney I (2000/2300, 30+3)"]
[Site "SchemingMind.com"]
[Date "2011.03.20"]
[Round "-"]
[White "Tuisceanach44"]
[Black "MichaelDV"]
[Result "1-0"]
[WhiteCountry "IRL"]
[BlackCountry "SWE"]
[WhiteElo "1970"]
[WhiteRD "64"]
[BlackElo "2073"]
[BlackRD "74"]
[GameID "278585"]

1. d4 Nf6 2. Bg5 e6 3. e4 h6 4. Bxf6 Qxf6 5. Nf3 d5 6. e5 Qd8 7. c4 Bb4+ 8. Nbd2 O-O 9. a3 Be7 10. Bd3 c5
11. dxc5 Nc6 12. b4 Qc7= 13. cxd5 exd5 14. Qe2
1-0

[Event "Little Big Tourney I (2000/2300, 30+3)"]
[Site "SchemingMind.com"]
[Date "2011.03.21"]
[Round "-"]
[White "The Stonewall"]
[Black "Tschigorin"]
[Result "1-0"]
[WhiteCountry "ENG"]
[BlackCountry "GER"]
[WhiteElo "2180"]
[WhiteRD "83"]
[BlackElo "2105"]
[BlackRD "84"]
[GameID "278645"]

1. d4 Nf6 2. c4 c5 3. d5 e5 4. Nc3 d6 5. e4 Nbd7 6. g3 g6 7. Bg2 Bg7 8. Nf3 O-O 9. O-O a6 10. a4 Nh5
11. h3 Qe8 12. Bd2 Rb8 13. Re1 f5 14. exf5 gxf5 15. Ng5 Qg6 16. Ne6 Rf7 17. g4 fxg4 18. hxg4 Nf4 19. Be4 Qh6 20. Bf5 Nf8
21. Ne4 N8g6 22. Ra3 Nh3+ 23. Rxh3 Qxh3 24. N4g5 Qh4 25. Nxf7 Kxf7 26. Bg5
1-0

[Event "Little Big Tourney I (2000/2300, 30+3)"]
[Site "SchemingMind.com"]
[Date "2011.03.17"]
[Round "-"]
[White "The Stonewall"]
[Black "MichaelDV"]
[Result "1/2-1/2"]
[WhiteCountry "ENG"]
[BlackCountry "SWE"]
[WhiteElo "2247"]
[WhiteRD "79"]
[BlackElo "2250"]
[BlackRD "81"]
[GameID "278646"]

1. d4 Nf6 2. c4 e6 3. g3 d5 4. Nf3 dxc4 5. Bg2 Bb4+ 6. Bd2 a5 7. Qc2 Nc6 8. Qxc4 Qd5 9. Qd3 Qe4 10. Qxe4 Nxe4
11. a3 Nxd2 12. Nbxd2 Bd6 13. Nc4 Bd7 14. Rc1 f6 15. Nxd6+ cxd6 16. e3 Ke7 17. Kd2 Rhc8 18. Rc3 a4 19. Rhc1 d5 20. Ke1 e5=
1/2-1/2

[Event "Little Big Tourney I (2000/2300, 30+3)"]
[Site "SchemingMind.com"]
[Date "2011.03.17"]
[Round "-"]
[White "The Stonewall"]
[Black "Uzi Mike"]
[Result "1-0"]
[WhiteCountry "ENG"]
[BlackCountry "USA"]
[WhiteElo "2177"]
[WhiteRD "82"]
[BlackElo "2236"]
[BlackRD "74"]
[GameID "278647"]

1. d4 Nf6 2. c4 g6 3. Nc3 Bg7 4. e4 d6 5. f4 O-O 6. Be2 c5 7. Nf3 cxd4 8. Nxd4 Nc6 9. Be3 Qb6 10. Nc2 Qa5
11. O-O Nd7 12. Bd2 Qd8 13. Rb1 Nc5 14. Bf3 f5 15. b4 fxe4 16. Nxe4 Ne6 17. g3 a5 18. b5 Ncd4 19. Bc3 Nxc2 20. Qxc2 Nd4
21. Qf2 Nxf3+ 22. Qxf3 Qb6+ 23. Kh1 Bh6 24. Rbd1 Be6 25. Qe2 Rac8 26. Nxd6 exd6 27. Qxe6+ Rf7 28. Qxc8+ Bf8 29. Qe6
1-0

[Event "Little Big Tourney I (2000/2300, 30+3)"]
[Site "SchemingMind.com"]
[Date "2011.03.16"]
[Round "-"]
[White "The Stonewall"]
[Black "Bandit2"]
[Result "0-1"]
[WhiteCountry "ENG"]
[BlackCountry "POL"]
[WhiteElo "2176"]
[WhiteRD "89"]
[BlackElo "2368"]
[BlackRD "89"]
[GameID "278648"]

1. d4 g6 2. Nf3 Bg7 3. Nc3 d6 4. e4 a6 5. Bf4 b5 6. Qd2 Bb7 7. O-O-O Nd7 8. h4 c5 9. h5 Rc8 10. d5 Qa5
11. Kb1 Bxc3 12. hxg6 Bxd2 13. g7 Bc3 14. e5 Bxb2 15. Kxb2 Qb4+= 16. Kc1 Qxf4+ 17. Rd2 Nxe5 18. gxh8=Q Nxf3 19. gxf3 Kd7 20. Bh3+ f5
21. Qxh7 Rf8 22. Qg7 Qxf3 23. Bg2 Qa3+ 24. Qb2 Qxb2+ 25. Kxb2 Nf6 26. Rh4 Rg8 27. Bf3 Rg5 28. Kb3 Kc7 29. Rf4 c4+ 30. Kb2 Kb6
31. c3 Nd7 32. Rh4 Ne5 33. Be2 Rg2 34. Bf1 Rg1 35. Be2 Re1 36. Rhd4 f4 37. f3 Bc8 38. a4 Bf5 39. axb5 axb5 40. Bd1 Kc5
41. Kc1 Nxf3 42. Rxf4 Nxd2 43. Kxd2 Re5 44. Bf3 b4 45. cxb4+ Kxb4 46. Rh4 Kc5 47. Rf4 Bc8 48. Kc3 Re3+ 49. Kc2 Bb7
0-1